00000000nam##2200000za#4500
0019.580512
003CaOODSP
00520210624191056
007cr |||||||||||
008150406|1983||||xxc|||||o    f|0| 0 eng|d
040 |aCaOODSP|beng
043 |an-cn---
0861 |aFs97-14/146-1983E-PDF
1101 |aCanada. |bDepartment of Fisheries and Oceans.
24510|aSurvey of the British Columbia fish processing industry - Financial results 1978-1982 / |h[electronic resource]|cby Clarkson Gordon.
260 |aOttawa - Ontario : |bFisheries and Oceans Canada |c1983.
300 |a166p.|btables
4901 |aCanadian industry report of fisheries and aquatic sciences|vNo. 146
500 |aFile reproduced from original print. On t. p. : Economic Policy Branch, Ottawa, Ontario. The catalogue number and ISSN for the print edition appear in the PDF version.
546 |a(Résumé en français.)
590 |a14-15-Supp|b2014-09-04
7201 |aGordon, Clarkson
830#0|aCanadian industry report of fisheries and aquatic sciences ;|vNo. 146|w(CaOODSP)9.505199
85640|ahttp://publications.gc.ca|qPDF|s1616 KB|uhttps://publications.gc.ca/collections/collection_2014/mpo-dfo/Fs97-14-140-1983-eng.pdf|yNo. 146